000 00718nam a2200205 a 4500
008 120416s1981 ||||||||||||||||| || u
020 _a0256025339
050 _aHF 5415.13 Mac
100 _aMcCarthy, E. Jerome (Edmund Jerome)
245 1 0 _aBasic marketing: a managerial approach
250 _a7th ed.
260 _aHomewood, IL :
_bIrwin
_c1981
300 _axix, 762p. : ill.
350 _a0.00
500 _aBibliography.
650 0 _aMARKETING--MANAGEMENT--CASE STUDIES
650 _aMARKETING--MANAGEMENT
700 _aBrogowicz, Andrew A
995 _D0.00
_FCBU-MAIN LIBRARY (Kitwe)
_H2
_I34.95
_M1
_UAVAILABLE
_ZMain Library Open Access Collection
999 _c35580
_d35580